00291nam a2200109Ia 4500008004100000020001800041100001800059245002500077260002700102500002400129650002800153230524s9999 xx 000 0 und d a9788189998301 aNapoleon Hill 0aThink and Grow Rich bThree Ess Publications aQuantity Number: 2 aPersonality Development